000 00646nam a2200205 a 4500
001 BRL_1569
005 20190320211251.0
008 140314s1997----mx-#######---#000-0#spa-#
041 _aspa
044 _amx
050 4 _aQ180
_b.P746 1997
245 1 0 _aPremio Nacional de Ciencias y Arte 1997
_bartes y tradiciones nacionales
260 _a[México
_bSubsecretaría de Planeación y Coordenación de la Secretaría de Educación Pública
_c1997]
300 _a1 v. (sin paginación)
_c18 cm.
500 _aAu1830
650 1 4 _aCiencia
_xPremios
_zMéxico
_927311
650 1 4 _aArte
_xPremios
_zMéxico
_927312
902 _aGRL
942 _2lcc
_cB
999 _c10378
_d10378